00286pab a2200121 454500008004000000100001600040245003500056260000900091300001000100362001400110650002400124773001600148180718b1989 xxu||||| |||| 00| 0 eng d aDesai, P.B. aUrbanisation - the Asian Scene c1989 a49-73 aJan.-Jun. aUrbanisation - Asia aUrban India